000 00475nam a2200193Ia 4500
005 20240823030808.0
008 240823s9999||||xx |||||||||||||| ||und||
020 _a978-0-7506-8522-1
041 _aENGLISH
082 _A629.2 Q1
100 _aAllan Bonnick
245 0 _aAutomotive Science and Mathematics
250 _a1st
260 _c2011
_b"Butterworth Heinenann,Burli"
500 _aYES
650 _aMathematics
_bMathematics
942 _cBK
999 _c189547
_d189547